Cargando...

The interpretation of dreams/

Detalles Bibliográficos
Autor Principal: Freud, Sigmund
Formato: Printed Book
Idioma:English
Publicado: New York: Avon Books, c1965.
Subjects:
LEADER 00544 a2200169 4500
008 150103s9999 000 0 eng
020 |a 0380010003 
082 |a 150  
100 |a Freud, Sigmund. 
245 |a The interpretation of dreams/ 
260 |a New York:  |b Avon Books,  |c c1965. 
300 |a 736 p. 
650 |a Psychology 
653 |a Psychiatry 
942 |c BK 
999 |c 303418  |d 303418 
952 |0 1  |1 0  |2 ddc  |4 0  |6 150_000000000000000_FRE_IN  |7 0  |9 347033  |a DRA  |b DRA  |c ST1  |d 2011-02-22  |i 4135  |l 1  |o 150 FRE/IN  |p DRA4135  |r 2014-03-24  |s 2014-03-24  |w 2011-02-22  |y BK